The computer controller cookbook / (Record no. 176453)

000 -LEADER
fixed length control field 01101 a2200217 4500
003 - CONTROL NUMBER IDENTIFIER
control field Nust
005 - DATE AND TIME OF LATEST TRANSACTION
control field 20220803084503.0
010 ## - LIBRARY OF CONGRESS CONTROL NUMBER
LC control number 83018956
020 ## - INTERNATIONAL STANDARD BOOK NUMBER
International Standard Book Number 0916688453 (pbk.) :
040 ## - CATALOGING SOURCE
Transcribing agency Nust
082 00 - DEWEY DECIMAL CLASSIFICATION NUMBER
Classification number 004.75,RIL
100 1# - MAIN ENTRY--PERSONAL NAME
Personal name Riley, Tom,
9 (RLIN) 96372
245 14 - TITLE STATEMENT
Title The computer controller cookbook /
Statement of responsibility, etc. Tom and Kelda Riley.
260 ## - PUBLICATION, DISTRIBUTION, ETC.
Place of publication, distribution, etc. Morris Plains, N.J. :
Name of publisher, distributor, etc. Creative Computing Press,
Date of publication, distribution, etc. c1983.
300 ## - PHYSICAL DESCRIPTION
Extent xiii, 197 p. :
Other physical details ill. ;
Dimensions 28 cm.
505 ## - FORMATTED CONTENTS NOTE
Formatted contents note Rebuilding Paddles And Joysticks (Page-1), Airplane Wheel (Page-15), Multiple Socket Extension (Page-31), Homebuilt Atari Joysticks (Page-61), Race Car Steering Wheel (Page-75), Super Stick (Page-87), Foot Pedals (Page-99), Converters (Page-109), Sound Pushbutton (Page-121), Desk Switched Outlet Box (Page-129), AC Outlet Controller (Page-137), Construction Notes (Page-145), The Electronics Tutorial (Page-149), Software (Page-177).
650 #0 - SUBJECT ADDED ENTRY--TOPICAL TERM
Topical term or geographic name entry element Computer games
General subdivision Amateurs' manuals.
9 (RLIN) 96373
650 #0 - SUBJECT ADDED ENTRY--TOPICAL TERM
Topical term or geographic name entry element Computer input-output equipment
General subdivision Amateurs' manuals.
9 (RLIN) 96374
700 1# - ADDED ENTRY--PERSONAL NAME
Personal name Riley, Kelda.
9 (RLIN) 96375
942 ## - ADDED ENTRY ELEMENTS (KOHA)
Source of classification or shelving scheme
Koha item type Book
Call number prefix 004.75,RIL
Holdings
Withdrawn status Lost status Source of classification or shelving scheme Damaged status Not for loan Permanent Location Current Location Shelving location Date acquired Full call number Barcode Date last seen Price effective from Koha item type Public note
          Military College of Signals (MCS) Military College of Signals (MCS) General Stacks 12/12/2016 004.75,RIL MCS2294 12/08/2016 12/12/2016 Book Almirah No.80, Shelf No.1
          Military College of Signals (MCS) Military College of Signals (MCS) General Stacks 12/12/2016 004.75,RIL MCS2295 12/08/2016 12/12/2016 Book Almirah No.4, Shelf No.2
© 2023 Central Library, National University of Sciences and Technology. All Rights Reserved.